00752nam a2200205 i 450000100060000000300090000600500170001500700030003200800410003510000360007624500820011226000630019430000420025749000650029950500480036465000160041274000320042883000650046085200210052520319ES-MaACL20230906152257.0t|021111s1972 sp a |||| | spa d1 aAguilar Bartolomé, Francisco.14aLos explosivos y sus aplicaciones. nI / cpor Francisco Aguilar Bartolomé. aMadrid : bServicio de Publicaciones de la J.E.N., c1972. a1 v. (XVI, 566 p.) : bil. ; c22 cm.1 aPublicaciones científicas de la Junta de Energía Nuclear8 aContiene: I ; tFlujo unidimensional plano 4aExplosivos.02aFlujo unidimensional plano.0 aPublicaciones científicas de la Junta de Energía Nuclear aES-MaACLjG-7055